Click Actors' First Name #4 - Statistics

General Stats
  • This quiz has been taken 673 times
  • The average score is 18 of 20
Answer Stats
Hint Answer % Correct
Cruise Tom
98%
Schwarzenegger Arnold
97%
Gosling Ryan
97%
Winslet Kate
95%
Diaz Cameron
94%
Tatum Channing
93%
Cooper Bradley
92%
Pratt Chris
92%
Robbie Margot
92%
Hasselhoff David
91%
Garfield Andrew
89%
Moore Demi
89%
Crowe Russell
89%
Wood Elijah
87%
Carrel Steve
86%
Atkinson Rowan
84%
Renner Jeremy
80%
Fanning Elle
78%
Swinton Tilda
78%
Kaluuya Daniel
59%
No matching quizzes found
Score Distribution
Percent of People with Each Score
Percentile by Number Answered
Your Score History
You have not taken this quiz